Score 0/22 Timer 03:00
1 Play Today
Slogan Missing Word % Correct
Just _______ itdo
96.1%
Betcha can't _______ just oneeat
92.8%
Good to the last _______drop
92.7%
Don't leave _______ without ithome
92.1%
They're _______!Grrreat
89.5%
Breakfast of _______Champions
88.4%
I'd Walk a _______ for A CamelMile
87.7%
It takes a licking and keeps on _______ticking
85.4%
It's the real _______thing
83.8%
Silly _______, Trix are for KidsRabbit
83.2%
Let your _______ do the walkingfingers
82.2%
Slogan Missing Word % Correct
I liked it so much I _______ the companybought
79.4%
When E. F. Hutton _______, People ListenTalks
78.3%
Wikipedia, the Free _______Encyclopedia
76.7%
The ultimate _______ machinedriving
76.6%
A _______ is a terrible thing to wastemind
70.7%
R-O-L-A-I-D-S spells _______Relief
67.3%
See What _______ Can Do For YouBrown
64.6%
Kills Bugs _______Dead
63.7%
Fly the friendly _______skies
60.1%
The first network for _______men
57.8%
All the news that's fit to _______print
52.7%

Today's Daily Dose

Missing Word
Train Books

Word Ladder
Piano Man

Quick Pick
Google Products

Get the Picture
Moana or Coco

Remove Ads.
Support Sporcle.
Get the best of Sporcle when you Go Orange. This ad-free experience offers more features, more stats, and more fun while also helping to support Sporcle. Thank you for becoming a member.

You're not logged in!

Compare scores with friends on all Sporcle quizzes.
OR
Log In

Show Comments

Extras

Top Quizzes Today


Score Distribution

Your Account Isn't Verified!

In order to create a playlist on Sporcle, you need to verify the email address you used during registration. Go to your Sporcle Settings to finish the process.

Report this User

Report this user for behavior that violates our Community Guidelines.

Details: